00375nam a2200133Ia 4500008004100000020001500041041001200056082001600068100001700084245008000101260003100181300000800212650002100220221030s9999 xx 000 0 und d a8172246501 aEnglish a105.23bZur aJ. M. Zurada 0aIntroduction to Artificial Neural Systems ( DEPARTMENTAL )cby J. M. Zurada bJaico PubaNew Delhic2006 a119 aCSE Departmental